000 00506nam a2200217Ia 4500
003 OSt
005 20221005125323.0
006 a|||||r|||| 00| 0
007 ta
008 221004b |||||||| |||| 00| 0 eng d
024 _a119145
037 _cTextual
040 _aCRL
_cCRL
_beng
041 _2eng
_aeng
100 _aSahu Kishor
_9636507
245 0 _aParde ke piche
260 _c1960
650 _aHINDI LITERATURE
_923866
942 _cTEXL
_2cc
999 _c1053666
_d1053666